Tooth imprints on a corn dog / (Record no. 23809)
[ view plain ]
| 000 -LEADER | |
|---|---|
| fixed length control field | 01089cam a2200301 a 4500 |
| 001 - CONTROL NUMBER | |
| control field | 3961941 |
| 005 - DATE AND TIME OF LATEST TRANSACTION | |
| control field | 20170127103957.0 |
| 008 - FIXED-LENGTH DATA ELEMENTS--GENERAL INFORMATION | |
| fixed length control field | 941004s1995 nyu 000 1 eng |
| 010 ## - LIBRARY OF CONGRESS CONTROL NUMBER | |
| LC control number | 94038570 |
| 020 ## - INTERNATIONAL STANDARD BOOK NUMBER | |
| International Standard Book Number | 051759384X : |
| Terms of availability | $19.00 |
| 040 ## - CATALOGING SOURCE | |
| Original cataloging agency | DLC |
| Transcribing agency | DLC |
| Modifying agency | DLC |
| -- | OCoLC |
| -- | DLC |
| 043 ## - GEOGRAPHIC AREA CODE | |
| Geographic area code | n-us-nj |
| 050 00 - LIBRARY OF CONGRESS CALL NUMBER | |
| Classification number | PS3562 |
| Item number | .E99T66 1995 |
| 100 1# - MAIN ENTRY--PERSONAL NAME | |
| Personal name | Leyner, Mark. |
| 245 10 - TITLE STATEMENT | |
| Title | Tooth imprints on a corn dog / |
| Statement of responsibility, etc. | Mark Leyner. |
| 250 ## - EDITION STATEMENT | |
| Edition statement | 1st ed. |
| 260 ## - PUBLICATION, DISTRIBUTION, ETC. (IMPRINT) | |
| Place of publication, distribution, etc. | New York : |
| Name of publisher, distributor, etc. | Harmony Books, |
| Date of publication, distribution, etc. | c1995. |
| 300 ## - PHYSICAL DESCRIPTION | |
| Extent | v, 216 p. : |
| Dimensions | 22 cm. |
| 651 #0 - SUBJECT ADDED ENTRY--GEOGRAPHIC NAME | |
| Geographic name | New Jersey |
| Form subdivision | Fiction. |
| 655 #7 - INDEX TERM--GENRE/FORM | |
| Genre/form data or focus term | Black humor (Literature) |
| Source of term | gsafd |
| 655 #7 - INDEX TERM--GENRE/FORM | |
| Genre/form data or focus term | Autobiographical fiction. |
| Source of term | gsafd |
| 856 42 - ELECTRONIC LOCATION AND ACCESS | |
| Materials specified | Publisher description |
| Uniform Resource Identifier | <a href="http://www.loc.gov/catdir/description/random049/94038570.html">http://www.loc.gov/catdir/description/random049/94038570.html</a> |
| 942 ## - ADDED ENTRY ELEMENTS (KOHA) | |
| Source of classification or shelving scheme | |
| Koha item type | Hard Covered Materials |
| Classification part | PS3562 .E99T66 1995 |
No items available.